| 000 | 00969nam a2200265Ia 4500 | ||
|---|---|---|---|
| 003 | OSt | ||
| 005 | 20220923211536.0 | ||
| 006 | a|||||r|||| 00| 0 | ||
| 007 | ta | ||
| 008 | 220922b |||||||| |||| 00| 0 hin d | ||
| 020 |
_a9789382821311 (hbk) _c450 |
||
| 024 | _a284,927 | ||
| 037 |
_b1136, 26/02/2015, Nayee Kitab _cTextual |
||
| 040 |
_aARTS _cARTS _bhin |
||
| 041 |
_2hin _ahin |
||
| 082 | _aO152,1M89:g, Q3 | ||
| 100 |
_aशंभुनाथ, संपा. _9156275 |
||
| 245 | 0 | _aराष्ट्रीय मुक्ति आन्दोलन और प्रसाद | |
| 246 | _aRāṣhṭrīya mukti āndolan aur prasāda | ||
| 260 |
_aदिल्ली _b नयी किताब _c2013 |
||
| 300 |
_a246पृ. _ccm. |
||
| 650 |
_aहिन्दी साहित्य _9156264 |
||
| 942 |
_hO152,1M89:g, Q3 _cTEXL _2CC |
||
| 999 |
_c300612 _d300612 |
||